Loading...
| History - American | 0 | 6 | 3 | 0 | 45 | 59 | 91.17 | 1 | 1 | 0.00 | 0.00 |
| Other Academic | 0 | 4 | 0 | 1 | 40 | 76 | 116.00 | 0 | 0 | 0.00 | 0.00 |
| History - Other | 0 | 5 | 3 | 0 | 35 | 83 | 103.20 | 0 | 3 | 0.00 | 0.00 |
| History - World | 0 | 5 | 5 | 0 | 25 | 83 | 93.40 | 2 | 4 | 0.00 | 0.00 |
| History - European | 0 | 4 | 3 | 0 | 25 | 44 | 74.25 | 2 | 2 | 0.00 | 0.00 |
| Geography | 0 | 2 | 0 | 0 | 20 | 47 | 58.00 | 0 | 1 | 0.00 | 0.00 |
| Literature - British | 0 | 2 | 0 | 0 | 20 | 69 | 96.50 | 1 | 1 | 0.00 | 0.00 |
| Social Science | 0 | 1 | 0 | 0 | 10 | 109 | 109.00 | 0 | 0 | 0.00 | 0.00 |
| Fine Arts - Other | 0 | 1 | 0 | 0 | 10 | 135 | 135.00 | 0 | 0 | 0.00 | 0.00 |
| Fine Arts - Painting & Sculpture | 0 | 1 | 0 | 1 | 10 | 145 | 145.00 | 0 | 0 | 0.00 | 0.00 |
| Literature - World | 0 | 1 | 0 | 0 | 10 | 120 | 120.00 | 0 | 0 | 0.00 | 0.00 |
| Science - Physics | 0 | 1 | 0 | 1 | 10 | 134 | 134.00 | 0 | 0 | 0.00 | 0.00 |
| Current Events | 0 | 1 | 1 | 0 | 5 | 118 | 118.00 | 0 | 0 | 0.00 | 0.00 |
| Religion | 0 | 0 | 1 | 0 | -5 | 0.00 | 0 | 0 | 0.00 | 0.00 |